STUDY ON THE TRANSFER OF REAL ESTATE IN CHAMPEI COMMUNE, BATI DISTRICT, TAKEO PROVINCE សិក្សាអំពីការផ្ទេរសិទ្ធិលើអចលនវត្ថុ នៅឃុំចំបុី ស្រុកបាទី ខេត្តតាកែវ (Record no. 24912)

000 -LEADER
fixed length control field 00666nam a22001337a 4500
040 ## - CATALOGING SOURCE
Transcribing agency RUA
082 ## - DEWEY DECIMAL CLASSIFICATION NUMBER
Classification number LMA OEU 2024 B1-398 Or.1
100 ## - MAIN ENTRY--AUTHOR NAME
Personal name ORUENG SREYLEAB អឿង ស្រីលាប
245 ## - TITLE STATEMENT
Title STUDY ON THE TRANSFER OF REAL ESTATE IN CHAMPEI COMMUNE, BATI DISTRICT, TAKEO PROVINCE សិក្សាអំពីការផ្ទេរសិទ្ធិលើអចលនវត្ថុ នៅឃុំចំបុី ស្រុកបាទី ខេត្តតាកែវ
260 ## - PUBLICATION, DISTRIBUTION, ETC. (IMPRINT)
Place of publication RUA
Name of publisher PHNOM PENH
Year of publication 2024
300 ## - PHYSICAL DESCRIPTION
Number of Pages x
Other physical details ill
Dimensions 29cm
856 ## - ELECTRONIC LOCATION AND ACCESS
Uniform Resource Identifier https://drive.google.com/file/d/1HkIUGaiVOHU9e9I2h6KPiG6H8CIA_0EM/view?usp=sharing
942 ## - ADDED ENTRY ELEMENTS (KOHA)
Koha item type LMA
952 ## - LOCATION AND ITEM INFORMATION (KOHA)
Withdrawn status [LOCAL, KOHA] 0
952 ## - LOCATION AND ITEM INFORMATION (KOHA)
Withdrawn status [LOCAL, KOHA] 0
Holdings
Permanent Location Date acquired Koha item type Lost status Shelving location Barcode Current Location Full call number
Library Block B2025-05-12LMA B1.398A083498Library Block BLMA OEU 2023 B1-398 Or.1
Library Block B2025-05-12LMA B1.398A083255Library Block BLMA OEU 2023 B1-398 Or.2
មជ្ឈមណ្ឌលឯការនៃសាកលវិទ្យាល័យភូមិន្ទកសិកម្មចំការដូង

Powered by Koha